Les plus grandes villes de France finissant par A-Z - Statistiques

Statistiques générales
  • Ce quiz a été pris 218 fois
  • Le résultat moyen est 9 sur 22
Statistiques - réponses
Lettre Population Ville % Correct
S 2 165 423 Paris
100%
E 870 731 Marseille
97%
N 522 969 Lyon
96%
X 260 958 Bordeaux
88%
G 287 228 Strasbourg
77%
T 139 926 Brest
65%
Z 118 489 Metz
60%
R 295 542 Montpellier
60%
D 147 865 Clermont-Ferrand
53%
Y 130 721 Annecy
48%
O 71 361 Ajaccio
40%
U 75 627 Pau
38%
P 40 631 Gap
20%
L 111 240 Montreuil
20%
I 48 902 Albi
18%
A 94 285 Nouméa
15%
C 72 197 Mérignac
11%
Q 61 957 Villeneuve-d'Ascq
9%
F 55 208 Villejuif
6%
M 33 780 Schiltigheim
4%
H 37 918 Saint-Joseph
2%
K 21 408 Hazebrouck
1%
Aucun quiz correspondant
Distribution des résultats
% des personnes avec chaque résultat
Percentile par nombre de réponses
Votre historique - résultats
Vous n’avez pas pris ce quiz